000
00306nam a2200121Ia 4500
999
_c
18741
_d
18741
082
_a
664.804 772
_b
CRO/PR
100
_a
Crowther ,P C
245
_a
Processing of banana products for food use
260
_a
London
_b
Tropical products institute
_c
1979
300
_a
18
546
_a
English
942
_2
ddc
_c
REP